Soil adsorption of odorant compounds /

Guardado en:
Autor Principal: Tarman, P. B.
Otros Autores: Linden, Henry Robert, 1922-
Formato: Libro
Idioma:English
Publicado: Chicago : Institute of Gas Technology, 1961.
Series:Institute of Gas Technology. Research bulletin ; no. 33
Materias:
Etiquetas: Agregar Etiqueta
Sin Etiquetas, Sea el primero en etiquetar este registro!
LEADER 00987cam a22002655a 4500
001 EIQ.libpla003534
008 760924s1961####ilua#####b####000#0#eng#d
005 20080211194203.0
245 1 0 |a Soil adsorption of odorant compounds /  |c by P. B. Tarman [and] H. R. Linden. Sponsored by the Gas Operations Research Committee of the American Gas Association. 
260 |a Chicago :  |b Institute of Gas Technology,  |c 1961. 
300 |a 28 p. :  |b il. ;  |c 28 cm. 
490 0 |a Institute of Gas Technology. Research bulletin ;  |v no. 33 
504 |a Incluye referencias bibliográficas e índice. 
100 1 |a Tarman, P. B. 
700 1 |a Linden, Henry Robert,  |d 1922- 
650 0 |a Natural gas. 
650 4 |a Gases  |x Absorción. 
650 4 |a Gases  |x Adsorción. 
650 4 |a Gases  |x Olores. 
650 4 |a Gases  |x Absorption. 
650 4 |a Gases  |x Adsorption. 
650 4 |a Gases  |x Odors. 
010 |a  61017376  
040 |a DLC  |c GAT  |d DLC  |d AR-BbSID 
859 |a AR-BbSID  |b BIB. PLAPIQUI  |h 665.73  |i T 17  |p 5379